The Kenya Quiz Stats

 Plays Quiz Updated Dec 6, 2016

Challenge
Share
Tweet
Embed
Score 0/40 Timer 08:00
0 Plays Today
Hint Answer % Correct
Flag ColorRed
95.9%
Flag ColorGreen
95.9%
Flag ColorBlack
94.5%
Flag ColorWhite
91.8%
CapitalNairobi
86.2%
OceanIndian Ocean
85.1%
Official LanguageEnglish
81.1%
Nationality (Demonym)Kenyan
80.2%
Independence fromUnited Kingdom
79.4%
Bordering CountryTanzania
78.3%
Bordering CountrySomalia
78%
Bordering CountryEthiopia
76.1%
Bordering CountryUganda
75.8%
Largest ReligionChristianity
72.7%
Most Popular SportSoccer
72.6%
Official NameRepublic of Kenya
72.2%
Official LanguageKiswahili
67.4%
Bordering CountrySouth Sudan
65.7%
Largest LakeLake Victoria
59%
Symbol on FlagShield
52.5%
Hint Answer % Correct
Year of Independence1963
41.9%
2nd Largest CityMombasa
39%
1st PresidentJomo Kenyatta
34.6%
4th (Current) PresidentUhuru Kenyatta
33%
CurrencyKenyan Shilling
30.1%
Highest PointMount Kenya
29.2%
Largest ExportTea
21.3%
4th Most Visited Park/ReserveMasai Mara National Reserve
17.8%
2nd PresidentDaniel arap Moi
13.3%
2nd Largest LakeLake Turkana
11.3%
Independence DayDecember 12
11.2%
3rd PresidentMwai Kibaki
10.3%
2nd Largest ExportHorticultural Products
10.3%
Longest RiverTana River
9.9%
Most Visited Park/ReserveNairobi National Park
8.7%
National MottoHarambee
8.1%
2nd Most Visited Park/ReserveLake Nakuru National Park
7.5%
National AnthemEe Mungu Nguvu Yetu
6.3%
3rd Most Visited Park/ReserveTsavo East National Park
6.1%
Nobel LaureateWangari Maathai
5.9%

You're not logged in!

Compare scores with friends on all Sporcle quizzes.
Join for Free
OR
Log In

You Might Also Like...

Show Comments

Extras

Top Quizzes Today


Score Distribution

Your Account Isn't Verified!

In order to create a playlist on Sporcle, you need to verify the email address you used during registration. Go to your Sporcle Settings to finish the process.

Report this User

Report this user for behavior that violates our Community Guidelines.

Details: